| 000 | 00969nam a2200289 c 4500 | ||
|---|---|---|---|
| 001 | 000030463 | ||
| 003 | RuMoIPM | ||
| 005 | 20260504113423.0 | ||
| 008 | 230210s1983 ru ||||||| |||| ||rus d | ||
| 035 | _a(RuMoBEN) 001978190 | ||
| 035 | _a(ELAR retro) [2022] 000053258 | ||
| 040 |
_aRuMoBEN _brus _ercr |
||
| 041 | 0 | _arus | |
| 044 | _aru | ||
| 080 | _a51(092) | ||
| 100 | 1 | _aПолищук, Ефим Михайлович | |
| 245 | 1 | 0 |
_aСофус Ли (1842-1899) _cЕ. М. Полищук ; Отв. ред. Ю. Д. Бураго |
| 260 |
_aЛенинград _bНаука _c1983 |
||
| 300 |
_a213 с. _bил. |
||
| 490 | 0 | _aНаучно-биографическая серия | |
| 500 | _aВ надзаг.: АН СССР | ||
| 504 | _aБиблиогр. тр. С. Ли: с. 204-209 | ||
| 504 | _aБиблиогр.: с. 209-212 | ||
| 600 | 1 |
_aЛи, Софус _d1842-1899 |
|
| 700 | 1 |
_aБураго, Юрий Дмитриевич _eред. |
|
| 942 | _cBK | ||
| 999 |
_c30463 _d30463 |
||